Stata graphics reference manual : (Record no. 16578)

000 -LEADER
fixed length control field 00630cam a2200229 a 4500
020 ## - INTERNATIONAL STANDARD BOOK NUMBER
ISBN 9781597180818
020 ## - INTERNATIONAL STANDARD BOOK NUMBER
ISBN 1597180815
040 ## - CATALOGING SOURCE
Transcribing agency DLC
082 ## - DEWEY DECIMAL CLASSIFICATION NUMBER
Classification number 310 STA 2011 A107 Or.
245 00 - TITLE STATEMENT
Title Stata graphics reference manual :
Remainder of title release 12.
246 14 - VARYING FORM OF TITLE
Title proper/short title Stata release 12 : graphics
246 18 - VARYING FORM OF TITLE
Title proper/short title Stata 12 graphics
260 ## - PUBLICATION, DISTRIBUTION, ETC. (IMPRINT)
Place of publication College Station, Tex. :
Name of publisher StataCorp LP,
Year of publication c2011.
300 ## - PHYSICAL DESCRIPTION
Number of Pages v, 665 p. :
Other physical details ill. ;
Dimensions 24 cm.
500 ## - GENERAL NOTE
General note "A Stata Press Publication."
650 #0 - SUBJECT ADDED ENTRY--TOPICAL TERM
Topical Term Statistics
650 #0 - SUBJECT ADDED ENTRY--TOPICAL TERM
Topical Term Statistics
650 #0 - SUBJECT ADDED ENTRY--TOPICAL TERM
Topical Term Social sciences
650 #0 - SUBJECT ADDED ENTRY--TOPICAL TERM
Topical Term Social sciences
710 2# - ADDED ENTRY--CORPORATE NAME
Corporate name or jurisdiction name as entry element StataCorp LP.
942 ## - ADDED ENTRY ELEMENTS (KOHA)
Koha item type សៀវភៅភាសាអង់គ្លេស
952 ## - LOCATION AND ITEM INFORMATION (KOHA)
Withdrawn status [LOCAL, KOHA] 0
Holdings
Permanent Location Date acquired Koha item type Lost status Shelving location Barcode Current Location Full call number
Library Block A2018-03-07សៀវភៅភាសាអង់គ្លេស A108A22323Library Block A310 STA 2011 A108 Or.
មជ្ឈមណ្ឌលឯការនៃសាកលវិទ្យាល័យភូមិន្ទកសិកម្មចំការដូង

Powered by Koha